000 00990nam a22002177a 4500
003 OSt
005 20170608093032.0
008 150408b2011 slv spa
040 _cBMC
082 _a621.39
100 1 _934540
_aAmaya Deras, Carlos Humberto
245 1 0 _aPasantía en CTE (CLARO) Compañía de Telecomunicaciones de El Salvador S.A. de C.V.
_b: Informe final
_cCarlos Humberto Amaya Deras
260 _aSanta Ana (El Salvador)
_bUniversidad Católica de El Salvador
_c2011
300 _a1 folleto (44 h.)
_bil. col.
_c27 cm
_e+ 1 disco compacto
500 _aPrecede al tít.: Universidad Católica de El Salvador, Facultad de Ingeniería y Arquitectura
501 _aPeríodo de realización del 31 de enero al 31 de julio de 2011
502 _aPara optar al título de Ingeniero en Sistemas Informáticos
650 2 4 _924722
_aIngeniería de sistemas
710 2 _91166
_aUniversidad Católica de El Salvador
_bFacultad de Ingeniería y Arquitectura
942 _2ddc
_cTG
999 _c21061
_d21061